01145cam a22003015a 45000010009000000050017000090080041000260200018000670200015000850400038001000820019001382450088001572460036002452500032002812600048003133000034003614900033003954900023004285040053004516500041005046500032005456530024005777000034006017000033006359420008006689990017006769520150006931289260720161208110314.0150518t2015 nyua frb 001 0 eng d a9781259252907 a1259252906 aEG-ScBUEbengcEG-ScBUEdEG-ScBUE04222a615.1bBAS00aBasic & clinical pharmacology /c[edited by] Bertram G. Katzung, Anthony J. Trevor.30aBasic and clinical pharmacology a13th ed., International ed. aNew York :bMcGraw-Hill Education,cc.2015. axi, 1203 p. :bill. ;c28 cm.0 aMcGraw-Hill's AccessMedicine0 aLange medical book aIncludes bibliographical references and indexes. 7aClinical pharmacology.2BUEsh938454 7aPharmacology.2BUEsh912590 bPPhrmcDecember20161 aKatzung, Bertram G.,eeditor.1 aTrevor, Anthony J.,eeditor. 2ddc c23514d23486 00102ddc40708AlahramaMAINbMAINc1STd2016-12-08ePurchaseg292.00l1m17o615.1 BASp000040305r2025-07-15 00:00:00s2019-10-09v365.00yBB